Georgia Cities A-Z - Statistics

General Stats
  • This quiz has been taken 127 times
    78 since last reset
  • The average score is 10 of 20
Answer Stats
Population Municipality or CDP % Correct
A 498,715 Atlanta
98%
S 147,780 Savannah
91%
C 206,922 Columbus
86%
M 157,346 Macon
86%
V 55,378 Valdosta
73%
W 80,308 Warner Robins
61%
R 92,833 Roswell
53%
G 42,296 Gainesville
52%
J 82,453 Johns Creek
48%
D 51,683 Dunwoody
44%
B 55,161 Brookhaven
34%
N 42,549 Newnan
34%
P 42,243 Peachtree Corners
34%
K 33,036 Kennesaw
33%
E 38,358 East Point
28%
L 30,858 LaGrange
28%
U 26,738 Union City
28%
H 34,891 Hinesville
27%
T 37,005 Tucker
17%
F 19,932 Forest Park
14%
No matching quizzes found
Score Distribution
Percent of People with Each Score
Percentile by Number Answered
Your Score History
You have not taken this quiz since the last reset